00375 2200157 4500001002100000008004100021035002000062245001900082100001100101260002200112300002700134020002200161084001400183082000800197990001200205INLIS000000000001443 Ind  a0010-0924000040 aAreksacItaKRN aItaKRN aDepokbAkadc2021 a272 hlm.c13,5 x 19 cm a978-623-9608-08-8 a813 ITA a a813 a0750947